North America: Map Quiz - Statistics

General Stats
  • This quiz has been taken 31 times
  • The average score is 14 of 16
Answers on the Map
Answers color-coded by a green-red scale on the quiz's map according to % correct below.
 
Answer Stats
Answer % Correct
Bahamas
93%
Canada
93%
Cuba
93%
United States
93%
Colombia
89%
Haiti
89%
Mexico
89%
Panama
89%
Costa Rica
85%
Dominican Republic
85%
El Salvador
81%
Jamaica
81%
Belize
78%
Guatemala
78%
Honduras
78%
Nicaragua
78%
No matching quizzes found
Score Distribution
Percent of People with Each Score
Percentile by Number Answered
Your Score History
You have not taken this quiz